000 00638nam a2200241Ia 4500
003 OSt
005 20220918204622.0
006 a|||||r|||| 00| 0
007 ta
008 220917b |||||||| |||| 00| 0 eng d
024 _a113,493
037 _cTextual
040 _aARTS
_cARTS
_beng
041 _2eng
_aeng
082 _aV55:21wM59, M2
100 _aHull Isabel V
_9112585
245 0 _aEntourage of Kaiser Wilhem II 1888-1918
260 _aLondon
_bCambridge
_c1982
300 _axii, 413p.
_ccm.
650 _aHISTORY
942 _hV55:21wM59, M2
_cTEXL
_2CC
999 _c236826
_d236826